| 000 | 00532nam a2200193Ia 4500 | ||
|---|---|---|---|
| 001 | 63055 | ||
| 008 | 150108s9999 xx 000 0 und d | ||
| 020 | _a9781118344644 | ||
| 040 | _cPK-LaUMT | ||
| 082 |
_a 616.89156 _bWIL- |
||
| 100 | _aBray, James H. | ||
| 245 | 4 |
_aThe Wiley-Blackwell handbook of family psychology _cBray, James H.|Stanton, Mark |
|
| 260 |
_aChichester,UK: _bWiley-Blackwell, _c2013 |
||
| 300 | _a768 p. | ||
| 546 | _aEN | ||
| 650 | _aFamily-psychological aspects | ||
| 700 | _aStanton, Mark | ||
| 942 | _cBK | ||
| 999 |
_c63659 _d63659 |
||